Constitutive description of green rubber material for forming simulation (Record no. 56192)
[ view plain ]
| 000 -LEADER | |
|---|---|
| fixed length control field | 01235nam a2200181Ia 4500 |
| 100 ## - MAIN ENTRY--AUTHOR NAME | |
| Personal name | Zopf Christoph |
| 245 #0 - TITLE STATEMENT | |
| Title | Constitutive description of green rubber material for forming simulation |
| 260 ## - PUBLICATION, DISTRIBUTION, ETC. (IMPRINT) | |
| Name of publisher | Kautschuk Gummi Kunststoffe |
| Year of publication | 2013 |
| 300 ## - PHYSICAL DESCRIPTION | |
| Number of Pages | 32-35 |
| 520 ## - SUMMARY, ETC. | |
| Summary, etc | The aim of the authors work is the desciption of rubber forming and production processes. During the manufacturing of rubber based products, the elastomeric material is formed under high pressure and temperature and, subsequently, the rubber product has its required and final features. In this paper, the characterisation and mechanical description of the uncured polymeric material is shown in order to simulate a forming process using the Finite Element Method (FEM). Therefore, extensive material tests have to be conducted and a constitutive description needs to be developed and implemented into a FEM code. Finally, first FEM forming simulations are carried out and the quality of the simulation results has to be validated. |
| 650 ## - SUBJECT ADDED ENTRY--TOPICAL TERM | |
| Topical Term | Constitutive modeling |
| 650 ## - SUBJECT ADDED ENTRY--TOPICAL TERM | |
| Topical Term | Finite analysis |
| 650 ## - SUBJECT ADDED ENTRY--TOPICAL TERM | |
| Topical Term | Forming simulation |
| 650 ## - SUBJECT ADDED ENTRY--TOPICAL TERM | |
| Topical Term | Uncured rubber |
| 700 ## - ADDED ENTRY--PERSONAL NAME | |
| Personal name | Kaliske Michael |
| 942 ## - ADDED ENTRY ELEMENTS (KOHA) | |
| Koha item type | Journals |
| Withdrawn status | Lost status | Damaged status | Not for loan | Home library | Current library | Shelving location | Date acquired | Serial Enumeration / chronology | Koha item type |
|---|---|---|---|---|---|---|---|---|---|
| Journals | RRII Library | RRII Library | Rubber technology | 01/01/2021 | Volume 66, Issue 02-Jan | Journals |